Machine learning model for evaluating the effectiveness of treatment for erysipelas; Молодежь и современные информационные технологии

מידע ביבליוגרפי
Parent link:Молодежь и современные информационные технологии.— 2020.— [С. 152-153]
מחבר ראשי: Zhurman D. А.
מחבר תאגידי: Национальный исследовательский Томский политехнический университет Инженерная школа информационных технологий и робототехники Отделение информационных технологий
מחברים אחרים: Kotyubeev R. R. (научный руководитель), Aksenov S. V. Sergey Vladimirovich
סיכום:Заглавие с титульного экрана
שפה:אנגלית
יצא לאור: 2020
סדרה:Компьютерное моделирование и интеллектуальный анализ данных
נושאים:
גישה מקוונת:http://earchive.tpu.ru/handle/11683/62201
פורמט: אלקטרוני Book Chapter
KOHA link:https://koha.lib.tpu.ru/cgi-bin/koha/opac-detail.pl?biblionumber=631156

MARC

LEADER 00000naa2a2200000 4500
001 631156
005 20231101133640.0
035 |a (RuTPU)RU\TPU\conf\32855 
035 |a RU\TPU\conf\32832 
090 |a 631156 
100 |a 20200629d2020 k y0rusy50 ba 
101 0 |a eng 
102 |a RU 
105 |a y z 101zy 
135 |a drcn ---uucaa 
181 0 |a i  
182 0 |a b 
200 1 |a Machine learning model for evaluating the effectiveness of treatment for erysipelas  |f D. А. Zhurman, R. R. Kotyubeev  |g sci. adv. S. V. Aksenov 
203 |a Текст  |c электронный 
225 1 |a Компьютерное моделирование и интеллектуальный анализ данных 
230 |a 1 компьютерный файл (pdf; 331 Кb) 
300 |a Заглавие с титульного экрана 
320 |a [Библиогр.: с. 153 (3 назв.)] 
463 0 |0 (RuTPU)RU\TPU\conf\32807  |t Молодежь и современные информационные технологии  |o сборник трудов XVII Международной научно-практической конференции студентов, аспирантов и молодых учёных, 17-20 февраля 2020 г., г. Томск  |f Национальный исследовательский Томский политехнический университет, Инженерная школа информационных технологий и робототехники ; под ред. Д. М. Сонькина [и др.]  |v [С. 152-153]  |d 2020 
610 1 |a электронный ресурс 
610 1 |a труды учёных ТПУ 
610 1 |a машинное обучение 
610 1 |a лечение 
610 1 |a заболевания 
610 1 |a инфекционные заболевания 
610 1 |a эффективность 
700 1 |a Zhurman  |b D. А. 
701 1 |a Kotyubeev  |b R. R. 
702 1 |a Aksenov  |b S. V.  |c Specialist in the field of informatics and computer technology  |c Associate Professor of Tomsk Polytechnic University, Candidate of technical sciences  |f 1983-  |g Sergey Vladimirovich  |2 stltpush  |4 727 
712 0 2 |a Национальный исследовательский Томский политехнический университет  |b Инженерная школа информационных технологий и робототехники  |b Отделение информационных технологий  |h 7951  |2 stltpush  |3 (RuTPU)RU\TPU\col\23515 
801 2 |a RU  |b 63413507  |c 20200707  |g RCR 
856 4 |u http://earchive.tpu.ru/handle/11683/62201 
942 |c BK